[Event "It "]
[Site "Las Vegas (USA)"]
[Round "0"]
[White "Dimitrijevic Darko (CRO)"]
[Black "Reyes Juan (PER)"]
[Result "0-1"]
[WhiteElo "2280"]
[BlackElo "2450"]

1.c4 c5 2.Nf3 Nc6 3.g3 g6 4.Bg2 Bg7 5.O-O e6 6.d3 Nge7 7.a3 O-O 8.Nc3 d5 9.Qc2
Nd4 10.Nxd4 cxd4 11.Na2 dxc4 12.dxc4 a5 13.Bd2 Nc6 14.Rfe1 Qc7 15.Rac1 e5
16.b4 Bf5 17.Qb3 e4 18.b5 Ne5 19.c5 Be6 20.Qb1 e3 21.fxe3 Nc4 22.Qd3 Nxd2
23.Qxd2 Bh6 24.Qxd4 Bxa2 25.Rc2 Bb3 {#R} 0-1

[Event "Ch Israel"]
[Site "Tel Aviv/Ramat-Gan (Israel)"]
[Round "5"]
[White "Alterman Boris (ISR)"]
[Black "Lev Ronen (ISR)"]
[Result "1-0"]
[WhiteElo "2585"]
[BlackElo "2495"]

1.c4 c5 2.Nf3 Nc6 3.d4 cxd4 4.Nxd4 e6 5.Nc3 a6 6.g3 Qb6 7.Nb3 Ne5 8.e4 Bb4
9.f4 Nc6 10.Bg2 Nge7 11.Qd3 Na5 12.Be3 Qc7 13.Nxa5 Qxa5 14.O-O O-O 15.Kh1 Rd8
16.f5 Nc6 17.Rad1 Be7 18.Qe2 Ne5 19.Bf4 d6 20.g4 Qc5 21.g5 Qxc4 22.Qh5 g6
23.Qh4 Bd7 24.Bxe5 dxe5 25.fxg6 fxg6 26.Rf7 Kxf7 27.Qxh7+ Kf8 28.b3 {#r} 1-0

[Event "It (open) "]
[Site "Berlin (Germany)"]
[Round "0"]
[White "Reschke Thomas (GER)"]
[Black "Lichtinger Bernd (GER)"]
[Result "1-0"]
[WhiteElo "2139"]
[BlackElo "2107"]

1.c4 c5 2.g3 Nc6 3.Bg2 d6 4.Nc3 Nf6 5.e3 g6 6.Nge2 Bg7 7.d4 cxd4 8.exd4 O-O
9.d5 Ne5 10.b3 Bf5 11.O-O Nd3 12.Be3 Ne5 13.Nd4 Nfg4 14.Nxf5 gxf5 15.Bd4 Nf6
16.Re1 Ng6 17.f4 Qd7 18.Qd3 e5 19.dxe6 fxe6 20.Bxf6 Rxf6 21.Rad1 Rd8 22.Nb5
Bf8 23.Nxa7 d5 24.Nb5 Bc5+ 25.Kh1 d4 26.a3 {#r} 1-0

[Event "Ch Yugoslavia (open)"]
[Site "Kladovo (Yugoslavia)"]
[Round "5"]
[White "Radosavljevic Slobodan (SRB)"]
[Black "Rajkovic Ljubisa (SRB)"]
[Result "1-0"]
[WhiteElo "2151"]
[BlackElo "2092"]

1.c4 c5 2.g3 g6 3.Bg2 Bg7 4.Nf3 Nc6 5.O-O e6 6.e3 Nge7 7.d4 cxd4 8.exd4 d5
9.cxd5 exd5 10.Nc3 O-O 11.Qb3 Nf5 12.Be3 Nxe3 13.fxe3 Be6 14.Qxb7 Na5 15.Qa6
Nc4 16.Nd1 Re8 17.b3 Nd6 18.Rc1 Bf6 19.Ne5 Nf5 20.Rc3 Rc8 21.Rxc8 Qxc8 22.Qd3
Qc1 23.Ng4 Bg7 24.Nc3 Qb2 25.Bxd5 h5 26.Ne5 Bxd5 27.Nxd5 Rd8 28.Nb4 Nxd4
29.exd4 {#r} 1-0

[Event "Ch HSM"]
[Site "Austria"]
[Round "7"]
[White "Kraschl Joerg (AUT)"]
[Black "Kwatschewsky Leo (AUT)"]
[Result "1-0"]
[WhiteElo "2210"]
[BlackElo "2260"]

1.c4 c5 2.Nf3 Nc6 3.d4 cxd4 4.Nxd4 g6 5.g3 Bg7 6.Nc2 b6 7.Bg2 Bb7 8.O-O Na5
9.Bxb7 Nxb7 10.Ne3 e6 11.Qd2 h5 12.Nc3 Rc8 13.Rd1 Ne7 14.Rb1 Nf5 15.Nxf5 gxf5
16.b3 d5 17.Bb2 dxc4 18.Qf4 Qc7 19.Qxc7 Rxc7 20.Nb5 Rc5 21.Bxg7 Rg8 22.bxc4
Rxg7 23.Nxa7 Na5 24.Rxb6 Nxc4 25.Nc6 f6 26.Rb8+ Kf7 27.Nd8+ {#r} 1-0

[Event "It (open)"]
[Site "Kiekrz"]
[Round "6"]
[White "Kappler Jean-Marie (FRA)"]
[Black "Casagrande Harald (AUT)"]
[Result "0-1"]
[WhiteElo "2290"]
[BlackElo "2340"]

1.c4 c5 2.b3 b6 3.Nf3 Bb7 4.Bb2 e6 5.e3 Nf6 6.Be2 Be7 7.O-O O-O 8.Qc2 Nc6 9.a3
d5 10.d3 d4 11.e4 Nh5 12.g3 f5 13.e5 g5 14.Nxg5 Bxg5 15.Bxh5 f4 16.Re1 Qc7
17.Qe2 f3 18.Qc2 Nxe5 19.h3 Qg7 20.Kh1 Rf6 21.g4 Rh6 22.Rg1 Kh8 23.Nd2 Bxd2
24.Qxd2 Rxh5 {#R} 0-1

[Event "It (open)"]
[Site "Baunatal (Germany)"]
[Round "6"]
[White "Lamprecht Mark (GER)"]
[Black "Kersten Uwe (GER)"]
[Result "1-0"]
[WhiteElo "2177"]
[BlackElo "2320"]

1.c4 c5 2.Nc3 b6 3.Nf3 Bb7 4.e3 Nf6 5.Be2 e6 6.O-O Be7 7.b3 O-O 8.Bb2 d6 9.d4
cxd4 10.Nxd4 a6 11.Bf3 Qc7 12.Bxb7 Qxb7 13.Qf3 Ra7 14.Rfd1 Qc7 15.Rac1 Rc8
16.h3 Nbd7 17.Ne4 Nxe4 18.Qxe4 Nf6 19.Qf3 Bf8 20.Ne2 Be7 21.Nc3 Qb8 22.a4 Rd7
23.Ne4 Nxe4 24.Qxe4 b5 25.cxb5 Rxc1 26.Rxc1 axb5 27.Qc6 Rb7 28.a5 b4 29.Bd4 e5
30.a6 {#r} 1-0

[Event "Ch Bayern"]
[Site "Bayern (Germany)"]
[Round "5"]
[White "Golda Harald (GER)"]
[Black "Ramsauer Martin (GER)"]
[Result "1-0"]
[WhiteElo "2346"]
[BlackElo "2181"]

1.c4 c5 2.Nf3 Nc6 3.g3 b6 4.Bg2 Bb7 5.O-O g6 6.Nc3 Bg7 7.b3 e6 8.Bb2 d6 9.e3
Rb8 10.d4 cxd4 11.Nb5 Nge7 12.Nfxd4 Ne5 13.Bxb7 Rxb7 14.Nxe6 fxe6 15.Nxd6+ Kf8
16.Nxb7 Qa8 17.Bxe5 {#r} 1-0

[Event "It"]
[Site "Long Island (USA)"]
[Round "1"]
[White "Josenhans Daniel (USA)"]
[Black "Goregliad Sergei (USA)"]
[Result "0-1"]
[WhiteElo "2267"]
[BlackElo "2320"]

1.c4 c5 2.g3 Nf6 3.Bg2 d5 4.cxd5 Nxd5 5.Nf3 Nc6 6.d4 Nf6 7.Qa4 Bd7 8.dxc5 e5
9.b4 e4 10.Ng5 h6 11.Nh3 Bxh3 12.Bxh3 Qd4 13.O-O Qxa1 14.b5 Qd4 15.Qb3 Na5
16.Qa3 Nc4 {#R} 0-1

[Event "Ch World (juniors)"]
[Site "Sao Lourenco (Brazil)"]
[Round "2"]
[White "Cawdery Daniel (RSA)"]
[Black "Thaler Matthias (SUI)"]
[Result "1-0"]
[WhiteElo "2408"]
[BlackElo "2201"]

1.c4 c5 2.Nf3 d6 3.d4 cxd4 4.Nxd4 Nf6 5.Nc3 a6 6.Be3 e6 7.f3 Be7 8.Qd2 b5
9.O-O-O Bb7 10.g4 h6 11.h4 Qc7 12.Bh3 Nc6 13.g5 hxg5 14.hxg5 Nxd4 15.Bxd4 e5
16.gxf6 exd4 17.fxg7 Rg8 18.Qxd4 Bc8 19.Nd5 Qd8 20.Bxc8 Rxc8 21.Rh8 {#r} 1-0

[Event "Ch Russia (1/2 final)"]
[Site "Briansk (Russia)"]
[Round "9"]
[White "Petrov Anton (RUS)"]
[Black "Vasilchenko Oleg (RUS)"]
[Result "1-0"]
[WhiteElo "2393"]
[BlackElo "2430"]

1.c4 c5 2.Nc3 Nf6 3.Nf3 e6 4.g3 b6 5.Bg2 Bb7 6.O-O d6 7.Re1 Ne4 8.Nxe4 Bxe4
9.d3 Bb7 10.e4 Be7 11.d4 cxd4 12.Nxd4 a6 13.Be3 O-O 14.Rc1 Nd7 15.f4 g6 16.Qg4
Nf6 17.Qh3 e5 18.Nf3 exf4 19.Bxf4 Bc8 20.g4 h5 21.Nd4 Bxg4 22.Qg3 Bd7 23.Nf5
h4 24.Nxe7+ Qxe7 25.Qxh4 Qe6 26.e5 Nh5 27.exd6 Qf5 28.Bh6 Qc5+ 29.Qf2 Qxd6
{#r} 1-0

[Event "It (open)"]
[Site "Hamburg (Germany)"]
[Round "5"]
[White "Chuchelov Vladimir (BEL)"]
[Black "Ftacnik Lubomir (SVK)"]
[Result "1-0"]
[WhiteElo "2550"]
[BlackElo "2580"]

1.c4 c5 2.Nf3 Nf6 3.Nc3 e6 4.g3 b6 5.Bg2 Bb7 6.O-O Be7 7.Re1 d5 8.cxd5 exd5
9.d4 O-O 10.b3 ( 10.Bf4 { ? } ) 10...Ne4 11.Bb2 Bf6 12.Rc1 Na6 13.e3 Qe7 (
13...Re8 { !? } ) 14.Re2 { ! } 14...Rfd8 15.dxc5 bxc5 ( 15...Naxc5 16.Nb5 { ?
? 16... ?a6 17. ?f6 ?f6 18. ?fd4 } ) 16.Na4 Rac8 17.Ne1 Bxb2 ( 17...c4 18.Bxf6
Qxf6 19.Bxe4 { ! } 19...dxe4 20.Rd2 { ? } ) 18.Rxb2 d4 19.exd4 Rxd4 20.Qe2 Nb4
21.Nc3 { ! } 21...Re8 ( 21...Qg5 22.Qe3 { ! ? } ) ( 21...Ba6 22.Qe3 { ? } )
22.Nxe4 Bxe4 23.a3 ( 23.f3 { ? } 23...Qg5 { ! } ) 23...Qd7 { ! } ( 23...Qd8
24.Qb5 { ? } ) 24.Bxe4 Rdxe4 25.Qf1 Qd4 { ?! } ( 25...Nc6 26.Nd3 { ? } ) (
25...Qe7 { ! = } ) 26.Rbb1 Na2 { ? } ( 26...Nc6 27.Rc4 Qd5 28.Rxe4 Qxe4 29.Qd3
{ ! ? } ) 27.Rc4 Qd5 28.Ng2 { ! } 28...Rxc4 29.bxc4 ( 29.Qxc4 Qd4 { ! = } (
29...Qxc4 { ? } 30.bxc4 { ? } ) ) 29...Qd4 { ? } ( 29...Qd2 30.Qd1 { ! }
30...Qxd1+ 31.Rxd1 { ? } ) 30.Qe2 { ! +?- } {#r} 1-0

[Event "Cup Russia (open)"]
[Site "Moscow (Russia)"]
[Round "6"]
[White "Gelman Alexander (RUS)"]
[Black "Mirovshchikov Sergey (RUS)"]
[Result "1-0"]
[WhiteElo "2400"]
[BlackElo "2380"]

1.c4 c5 2.Nf3 Nf6 3.Nc3 e6 4.g3 b6 5.Bg2 Bb7 6.O-O Be7 7.Re1 d6 8.e4 Nbd7 9.d4
cxd4 10.Nxd4 Qc8 11.Ndb5 Qb8 12.f4 O-O 13.Be3 a6 14.Nd4 Qc7 15.Rc1 Rad8 16.g4
Nc5 17.Bf2 d5 18.cxd5 Qxf4 19.b4 Nxg4 20.Bg3 Qg5 21.Nf3 Qh6 22.d6 Nxe4 23.Nxe4
Bxe4 24.dxe7 Rxd1 25.Rcxd1 Bc6 26.Rd8 Be8 27.exf8=Q+ {#r} 1-0

[Event "It (cat.10)"]
[Site "Biel (Switzerland)"]
[Round "3"]
[White "Casagrande Harald (AUT)"]
[Black "Zueger Beat (SUI)"]
[Result "1-0"]
[WhiteElo "2365"]
[BlackElo "2460"]

1.c4 c5 2.b3 Nc6 3.Bb2 e5 4.g3 g6 5.Bg2 Bg7 6.e3 Nge7 7.Nc3 d6 8.Nge2 Be6
9.O-O d5 10.cxd5 Nxd5 11.Na4 b6 12.d4 cxd4 13.exd4 exd4 14.Rc1 Qd7 15.Rxc6
Qxc6 16.Nxd4 Bxd4 17.Qxd4 f6 18.Rd1 O-O-O 19.Qd3 b5 20.Qf1 Kb8 21.Rc1 Qa6
22.Rc5 Nc7 23.Bxf6 bxa4 24.Qxa6 Nxa6 25.Be5+ {#r} 1-0

[Event "It (open)"]
[Site "Linares (Spain)"]
[Round "9"]
[White "Bischoff Klaus (GER)"]
[Black "Baches Garcia Guillermo (ESP)"]
[Result "1-0"]
[WhiteElo "2530"]
[BlackElo "2255"]

1.c4 c5 2.b3 Nc6 3.Bb2 e6 4.Nf3 Nf6 5.e3 Be7 6.g3 O-O 7.Bg2 a6 8.O-O Rb8 9.d4
cxd4 10.Nxd4 Nxd4 11.Qxd4 d6 12.Nc3 b6 13.Rfd1 Qc7 14.Rac1 Rd8 15.e4 Bb7
16.Qe3 Nd7 17.Nd5 exd5 18.cxd5 Nc5 19.b4 Bc8 20.e5 Qd7 21.bxc5 bxc5 22.Ba1 Bb7
23.Be4 Re8 24.Qf4 Bf8 25.Rb1 Qe7 26.Re1 g6 27.Bf3 Bg7 28.Qa4 Qc7 29.Bc3 Ba8
30.Ba5 {#r} 1-0

[Event "Memorial J.Donner (open)"]
[Site "Amsterdam (Netherlands)"]
[Round "9"]
[White "Balje Jan (NED)"]
[Black "Middelburg Tom (NED)"]
[Result "0-1"]
[WhiteElo "2197"]
[BlackElo "2370"]

1.c4 c5 2.Nf3 b6 3.g3 Bb7 4.Bg2 Nf6 5.Nc3 a6 6.O-O e6 7.Re1 Be7 8.e4 d6 9.d4
cxd4 10.Nxd4 Qc7 11.Qe2 Nbd7 12.f4 Rc8 13.b3 b5 14.Nd5 exd5 15.exd5 O-O 16.Ba3
Rfe8 17.cxb5 Qa5 {#R} 0-1

[Event "Ch Russia (club) (1 liga)"]
[Site "Orel (Russia)"]
[Round "8"]
[White "Lunev Andrey (RUS)"]
[Black "Zhuk Dmitry (UKR)"]
[Result "1-0"]
[WhiteElo "2400"]
[BlackElo "2100"]

1.c4 c5 2.Nf3 Nc6 3.d4 cxd4 4.Nxd4 e5 5.Nb5 d6 6.g3 Be6 7.N1a3 d5 8.cxd5 Bb4+
9.Bd2 Bxd5 10.Bxb4 Nxb4 11.Qa4 Nc6 12.Rd1 Nf6 13.e4 a6 14.exd5 axb5 15.Qxb5
Nxd5 16.Rxd5 Qe7 17.Bg2 O-O 18.O-O {#r} 1-0

[Event "It (open) (b)"]
[Site "Biel (Switzerland)"]
[Round "9"]
[White "Braeuner Uwe (GER)"]
[Black "Elfert Aleksandr V (RUS)"]
[Result "0-1"]
[WhiteElo "2164"]
[BlackElo "2175"]

1.c4 c5 2.Nf3 b6 3.d4 cxd4 4.Nxd4 Bb7 5.Nc3 e6 6.a3 a6 7.e4 Qc7 8.Be3 d6 9.Be2
Nf6 10.f3 Nbd7 11.O-O Be7 12.Rc1 O-O 13.Qe1 Kh8 14.Qf2 Rg8 15.b4 g5 16.g4 h5
17.h3 Rg6 18.Nb3 Rag8 19.Na4 R8g7 20.c5 dxc5 21.bxc5 hxg4 22.hxg4 Rh6 23.cxb6
Rgh7 24.bxc7 Rh1+ 25.Kg2 R7h2+ 26.Kg3 Bd6+ 27.f4 Nxe4+ 28.Kf3 Nd2+ 29.Kg3 Rh3#
0-1

[Event "Ch Czech Federation (juniors) (under 16)"]
[Site "Svetla nad Sazavou (Czech Republic)"]
[Round "9"]
[White "Schwarz Milan (CZE)"]
[Black "Marek Miroslav (CZE)"]
[Result "0-1"]
[WhiteElo "2042"]
[BlackElo "2108"]

1.c4 c5 2.g3 Nc6 3.Bg2 b6 4.Nc3 Bb7 5.Nf3 Nf6 6.d3 g6 7.e4 Bg7 8.O-O d6 9.Nh4
O-O 10.f4 Qd7 11.f5 Nd4 12.Ne2 Ng4 13.Bf3 Nxf3+ 14.Rxf3 e6 15.fxe6 fxe6 16.Nc3
Bd4+ 17.Kg2 Nf2 18.Qe2 d5 19.Be3 Ng4 20.Bg1 g5 21.Rxf8+ Rxf8 {#R} 0-1

[Event "Ch City"]
[Site "Lisbon (Portugal)"]
[Round "7"]
[White "Reis Luis Sousa (POR)"]
[Black "Fernandes Alberto (POR)"]
[Result "0-1"]
[WhiteElo "2230"]
[BlackElo "2128"]

1.c4 c5 2.b3 e6 3.Bb2 d5 4.e3 d4 5.Nf3 Nc6 6.b4 dxe3 7.fxe3 Nxb4 8.d4 Nf6
9.Nc3 Be7 10.a3 cxd4 11.exd4 Nc6 12.d5 Na5 13.Bd3 O-O 14.Qc2 h6 15.O-O-O b5
16.dxe6 Qb6 17.exf7+ Rxf7 18.Nxb5 a6 19.Nbd4 Bg4 20.Ne5 Bxd1 21.Rxd1 Bc5
22.Ndf3 Rb7 23.Bf5 Rab8 24.Rd5 Nxd5 25.cxd5 Qxb2+ 26.Qxb2 Rxb2 27.Be6+ Kh7
28.Bf5+ g6 29.Nxg6 Kg7 30.Nf4 Be3+ {#R} 0-1

[Event "Ch Europe (juniors) (under 12) (g)"]
[Site "Tallinn (Estonia)"]
[Round "1"]
[White "Machalova Veronika (SVK)"]
[Black "Kursova Maria (RUS)"]
[Result "0-1"]
[WhiteElo "2231"]
[BlackElo "2307"]

1.c4 c5 2.Nc3 b6 3.g3 Bb7 4.Nf3 Nf6 5.Bg2 e6 6.O-O Be7 7.d3 O-O 8.Bf4 d6 9.Qd2
a6 10.Rac1 Nbd7 11.b3 e5 12.Be3 Rb8 13.h3 d5 14.cxd5 Nxd5 15.Ne4 Nxe3 16.Qxe3
h6 17.Ned2 Bf6 {#R} 0-1

[Event "Cup Yugoslavia (team)"]
[Site "Ulcinj (Montenegro)"]
[Round "7"]
[White "Stojanovic Mihajlo (SRB)"]
[Black "Drazic Sinisa (SRB)"]
[Result "0-1"]
[WhiteElo "2470"]
[BlackElo "2495"]

1.c4 c5 2.Nf3 b6 3.g3 Bb7 4.Bg2 g6 5.d4 cxd4 6.Qxd4 Nf6 7.Bg5 Bg7 8.Nc3 Nc6
9.Qd2 h6 10.Bxf6 Bxf6 11.O-O Bg7 12.Rfd1 Rc8 13.h3 Nb8 14.Rac1 d6 15.h4 a6
16.h5 g5 17.Nd4 Bxg2 18.Kxg2 Qd7 19.Qd3 e6 20.Nf3 Rd8 21.Qe3 Qc6 22.Nd5 Nd7
23.Kg1 Qb7 24.b4 O-O 25.Ne7+ Kh8 26.Rxd6 Nf6 27.Rxd8 Rxd8 28.Ne5 Qxe7 29.Nc6
Qc7 30.Nxd8 Qxd8 {#R} 0-1

[Event "It (open)"]
[Site "Porto San Giorgio (Italy)"]
[Round "4"]
[White "Narciso Dublan Marc (ESP)"]
[Black "Iotti Pierluigi (ITA)"]
[Result "1-0"]
[WhiteElo "2460"]
[BlackElo "2320"]

1.c4 c5 2.g3 Nf6 3.Bg2 e6 4.Nf3 Be7 5.O-O O-O 6.d4 cxd4 7.Nxd4 Qc7 8.b3 a6
9.Bb2 Nc6 10.Nc3 b6 11.Rc1 Bb7 12.Nd5 exd5 13.cxd5 Rfd8 14.Nf5 Bf8 15.Nh6+
gxh6 16.Bxf6 Qd6 17.dxc6 Qxf6 {#r} 1-0

[Event "It (open) (a)"]
[Site "Eforie Nord (Romania)"]
[Round "0"]
[White "Elfert Aleksandr V (RUS)"]
[Black "Lusceac Sorina"]
[Result "0-1"]
[WhiteElo "2195"]
[BlackElo "2190"]

1.c4 c5 2.Nf3 Nc6 3.b3 Nf6 4.Bb2 d6 5.d4 cxd4 6.Nxd4 e5 7.Nxc6 bxc6 8.Nc3 d5
9.cxd5 cxd5 10.e3 a6 11.Bd3 d4 12.exd4 exd4 13.Qe2+ Be6 14.Ne4 Bb4+ 15.Kf1 O-O
16.Nxf6+ Qxf6 17.Qe4 Qh6 18.Bxd4 f5 19.Qf3 Rad8 20.Be5 Rd5 21.Qe2 Rfd8 22.Bc4
Rd2 23.Bf4 Qxf4 24.Qxe6+ Kh8 25.Qe3 Rd1+ 26.Rxd1 Rxd1+ 27.Ke2 Qxe3+ {#R} 0-1

[Event "Ch World (juniors) (under 14)"]
[Site "Marina d'Or (Spain)"]
[Round "5"]
[White "Raev Rastislav (BUL)"]
[Black "Alekseev Evgeny (RUS)"]
[Result "0-1"]
[WhiteElo "2238"]
[BlackElo "2270"]

1.c4 c5 2.Nf3 Nc6 3.d3 g6 4.g3 Bg7 5.Bg2 e6 6.O-O Nge7 7.a3 O-O 8.Nbd2 d5
9.cxd5 Nxd5 10.Qc2 b6 11.d4 Bb7 12.dxc5 Rc8 13.Ne4 Ne5 14.Qa4 f5 15.Neg5 Qe7
16.cxb6 axb6 17.e4 fxe4 18.Nxe4 Nf4 19.Qb5 Nc4 {#R} 0-1

[Event "It (cat.4)"]
[Site "Trier (Germany)"]
[Round "3"]
[White "Koerholz Ludger (GER)"]
[Black "Horvath Tamas I (HUN)"]
[Result "1-0"]
[WhiteElo "2295"]
[BlackElo "2318"]

1.c4 c5 2.Nf3 g6 3.d4 cxd4 4.Nxd4 Bg7 5.e4 Nf6 6.Nc3 d6 7.Be2 a6 8.O-O O-O
9.Be3 b6 10.f4 Bb7 11.e5 Ne4 12.Nxe4 Bxe4 13.Bf3 Bxf3 14.Qxf3 Ra7 15.e6 f5
16.Rad1 Qc8 17.b3 Rc7 18.Rfe1 Nc6 19.Ne2 Rb7 20.Bf2 Rb8 21.Nc3 Bxc3 22.Qxc3
Rf6 23.Rxd6 exd6 24.Qxf6 Qf8 25.Qc3 Qe7 26.Qf3 Qc7 27.Qe3 Qe7 28.Qd2 Na7
29.Qd5 Nc8 30.Bh4 {#r} 1-0

[Event "Bayern Regionalliga Northeast"]
[Site "Germany"]
[Round "4"]
[White "Kampmann Lutz"]
[Black "Werner Claus (GER)"]
[Result "1-0"]
[WhiteElo "2120"]
[BlackElo "2187"]

1.c4 c5 2.Nf3 Nf6 3.g3 b6 4.Bg2 Bb7 5.b3 e6 6.Bb2 Be7 7.O-O O-O 8.d3 d6 9.Na3
Nbd7 10.Nc2 a6 11.e4 Qc7 12.Ne3 Rad8 13.Rc1 Qb8 14.Bh3 b5 15.Qd2 Rfe8 16.Nh4
Nh5 17.Nhg2 Bf8 18.g4 Nhf6 19.g5 Nh5 20.Bg4 g6 21.Bxh5 gxh5 22.Nf4 h6 23.Nxh5
e5 24.Ng4 Re6 25.Ngf6+ Nxf6 26.Nxf6+ Kh8 27.f4 {#r} 1-0

[Event "It (open) "]
[Site "Sant Boi (Spain)"]
[Round "5"]
[White "De Esteban Lucea Xavier (ESP)"]
[Black "Enriquez Rubio Manel"]
[Result "0-1"]
[WhiteElo "2028"]
[BlackElo "2025"]

1.c4 c5 2.Nf3 Nc6 3.d4 cxd4 4.Nxd4 e5 5.Nf3 Nf6 6.Nc3 Bc5 7.Bg5 Qb6 8.e3 Qxb2
9.Qc1 Ba3 10.e4 Qb4 11.Qc2 Nxe4 12.Bd2 Nxd2 13.Nxd2 Qb2 14.Qxb2 Bxb2 15.Nd5
Bxa1 16.Nc7+ Kd8 17.Nxa8 Bc3 18.c5 Bb4 19.Kd1 Bxc5 20.Ne4 d6 21.Bc4 h6 22.Nc3
Be6 23.Bxe6 fxe6 24.Nb5 Kd7 25.Nbc7 d5 26.Ke2 Bd6 {#R} 0-1

[Event "Ch Russia (1/2 final)"]
[Site "Perm (Russia)"]
[Round "1"]
[White "Driamin Dmitry (RUS)"]
[Black "Shariyazdanov Andrey (RUS)"]
[Result "0-1"]
[WhiteElo "2295"]
[BlackElo "2530"]

1.c4 c5 2.g3 Nf6 3.Bg2 d5 4.cxd5 Nxd5 5.Nf3 Nc6 6.O-O e5 7.d3 Be7 8.b3 O-O
9.Bb2 f6 10.Nbd2 Bg4 11.a3 Qd7 12.Re1 Rfd8 13.Qb1 Bh3 14.Bh1 Bf8 15.Qa2 Be6
16.Rad1 Rac8 17.Qb1 b5 18.e3 Nb6 19.Bg2 Qxd3 20.Qxd3 Rxd3 21.Bf1 Rdd8 22.Bxb5
Na5 23.Rb1 Nxb3 24.Nxb3 Bxb3 25.Ba6 Rc6 26.Bxe5 Bc2 27.Bb7 Re6 28.Rbc1 Bd3
29.Bc3 Re7 30.Bc6 Rc7 {#R} 0-1

[Event "It (open)"]
[Site "Sitges (Spain)"]
[Round "0"]
[White "Rohde Ulrich (GER)"]
[Black "Wolf Ulrich Martin (GER)"]
[Result "1-0"]
[WhiteElo "2295"]
[BlackElo "2183"]

1.c4 c5 2.Nf3 b6 3.g3 Bb7 4.Bg2 e6 5.O-O Nf6 6.Nc3 a6 7.Re1 Qc7 8.e4 d6 9.d4
cxd4 10.Nxd4 Nbd7 11.Nd5 Bxd5 12.exd5 e5 13.f4 O-O-O 14.Nc6 Re8 15.b4 Nb8
16.Qa4 {#r} 1-0

[Event "Cup European Club (w)"]
[Site "Nova Gorica (Slovenia)"]
[Round "6"]
[White "Borek Jutta (AUT)"]
[Black "Beltz Martina (GER)"]
[Result "0-1"]
[WhiteElo "2122"]
[BlackElo "2178"]

1.c4 c5 2.g3 Nf6 3.Bg2 Nc6 4.Nc3 g6 5.d3 Bg7 6.e4 d6 7.Nge2 Rb8 8.O-O e6 9.h3
Ng8 10.Be3 Nd4 11.Rb1 Ne7 12.a3 O-O 13.b4 b6 14.f4 Bb7 15.Qd2 Qd7 16.g4 f5
17.gxf5 gxf5 18.Bxd4 cxd4 19.Nd1 Kh8 20.Kh1 Ng6 21.Qe1 fxe4 22.dxe4 d3 23.Ng3
Nxf4 24.Rxf4 Rxf4 25.Qe3 Be5 26.Qxd3 Rg8 27.Nc3 Qg7 28.Nce2 Rf2 {#R} 0-1

[Event "It (open)"]
[Site "Bad Wiessee (Germany)"]
[Round "2"]
[White "Bischoff Klaus (GER)"]
[Black "Pruefer Stefan (GER)"]
[Result "1-0"]
[WhiteElo "2509"]
[BlackElo "2129"]

1.c4 c5 2.b3 Nc6 3.Bb2 e6 4.Nf3 Nf6 5.e3 Be7 6.g3 O-O 7.Bg2 b6 8.O-O Bb7 9.Qe2
Qc7 10.Nc3 a6 11.Rfd1 Rfd8 12.Rac1 Bf8 13.d4 d6 14.d5 exd5 15.cxd5 Nb8 16.a4
Nbd7 17.Nd2 Re8 18.h3 Rab8 19.Kh2 Ba8 20.Qxa6 Ne5 21.Qe2 Qd7 22.Nc4 {#r} 1-0

[Event "Ch City"]
[Site "Mar del Plata (Argentina)"]
[Round "9"]
[White "Corsi Ferrari Nestor (ARG)"]
[Black "Quatrini Alejandro (ARG)"]
[Result "1-0"]
[WhiteElo "2330"]
[BlackElo "2140"]

1.c4 c5 2.g3 Nc6 3.Bg2 Nf6 4.Nc3 b6 5.f4 Bb7 6.e4 Nd4 7.Nge2 e6 8.O-O Qc7 9.d3
Nxe2+ 10.Qxe2 Be7 11.e5 Ng8 12.Nb5 Qb8 13.f5 Bc6 14.fxe6 fxe6 15.Bg5 {#r} 1-0

[Event "It (cat.8)"]
[Site "Bucharest (Romania)"]
[Round "1"]
[White "Ionescu Constantin (ROM)"]
[Black "Vajda Szidonia (HUN)"]
[Result "1-0"]
[WhiteElo "2434"]
[BlackElo "2397"]

1.c4 c5 2.g3 Nf6 3.Bg2 d5 4.Nf3 Nc6 5.O-O e5 6.Qa4 Bd6 7.Ng5 Bd7 8.cxd5 Nb4
9.Qd1 Nfxd5 10.d4 Bc6 11.a3 Na6 12.dxe5 Bxe5 13.Qb3 O-O 14.Rd1 Bd4 15.Qc2 g6
16.Nf3 Qb6 17.Nxd4 cxd4 18.b4 Nac7 19.Bb2 Ne6 20.Nd2 Rfd8 21.Nc4 Qa6 22.Na5
Bb5 23.Qb3 Nec7 24.Rxd4 b6 25.Nc4 Ne6 26.Rxd5 Bxc4 27.Qc3 {#r} 1-0

[Event "Ch Russia (juniors) (under 10) (g)"]
[Site "Serpukhov (Russia)"]
[Round "0"]
[White "Karibaeva Elvira (RUS)"]
[Black "Girya Olga (RUS)"]
[Result "0-1"]
[WhiteElo "2174"]
[BlackElo "2464"]

1.c4 c5 2.e4 e6 3.Nc3 Ne7 4.b3 d5 5.e5 Qc7 6.Nf3 dxc4 7.Nb5 Qc6 8.Nd6+ Kd7
9.Bxc4 a6 10.Nxf7 Rg8 11.O-O b5 12.Bd3 g6 13.N3g5 Bb7 14.Nxh7 Qxg2# 0-1

[Event "It (open)"]
[Site "Hastings (England)"]
[Round "3"]
[White "Bischoff Klaus (GER)"]
[Black "Aumann Welf (GER)"]
[Result "1-0"]
[WhiteElo "2509"]
[BlackElo "2311"]

1.c4 c5 2.b3 d5 3.cxd5 Nf6 4.Bb2 Qxd5 5.Nc3 Qd7 6.Nf3 Nc6 7.e3 e5 8.Bb5 Bd6
9.Ne2 a6 10.Nxe5 Bxe5 11.Bxc6 Qxc6 12.Bxe5 Ng4 13.Bg3 Qxg2 14.Rg1 Qd5 15.d4
O-O 16.Rc1 cxd4 17.Qxd4 Qa5+ 18.b4 Qh5 19.f3 f6 20.fxg4 {#r} 1-0

[Event "It (open)"]
[Site "Frankfurt (Germany)"]
[Round "2"]
[White "Leimeister Erhard (GER)"]
[Black "Brustkern Juergen (GER)"]
[Result "0-1"]
[WhiteElo "2257"]
[BlackElo "2286"]

1.c4 c5 2.g3 Nf6 3.Bg2 e6 4.Nf3 a6 5.O-O b6 6.Nc3 Bb7 7.d4 cxd4 8.Qxd4 d6
9.Rd1 Be7 10.b3 Nbd7 11.Bb2 O-O 12.Rac1 Qc7 13.e4 Rac8 14.h3 Qb8 15.Kh2 Rfd8
16.Qe3 Qa8 17.Nd4 Nc5 18.f3 Re8 19.Qe2 Bf8 20.b4 Ncd7 21.a3 Qb8 22.Re1 g6
23.Nc2 Bg7 24.Rcd1 d5 25.e5 Nxe5 {#R} 0-1

[Event "Czech League 1999/00 (2nd) (b) 1999/00"]
[Site "Czech Republic"]
[Round "0"]
[White "Kozeny Pavel (CZE)"]
[Black "Daniel Martin (CZE)"]
[Result "0-1"]
[WhiteElo "2070"]
[BlackElo "2095"]

1.c4 c5 2.Nf3 Nf6 3.g3 b6 4.Bg2 Bb7 5.Nc3 e6 6.O-O Be7 7.d4 cxd4 8.Qxd4 Nc6
9.Qd1 a6 10.Bf4 d6 11.Qa4 Qc7 12.Rac1 O-O 13.Rfd1 Rfd8 14.a3 Na5 15.Nd2 Bxg2
16.Kxg2 Qb7+ 17.Kg1 Rac8 18.Bg5 h6 19.Bxf6 Bxf6 20.Nce4 Be7 21.f3 d5 22.cxd5
Rxc1 23.Rxc1 Qxd5 24.Kg2 f5 25.Nf2 Qxd2 26.Rd1 Qxe2 27.Rxd8+ Bxd8 28.Qe8+ Kh7
29.Qxd8 Nc4 30.Qd3 Ne3+ {#R} 0-1